<?xml version="1.0" encoding="UTF-8"?>
<record
    xmlns:xsi="http://www.w3.org/2001/XMLSchema-instance"
    xsi:schemaLocation="http://www.loc.gov/MARC21/slim http://www.loc.gov/standards/marcxml/schema/MARC21slim.xsd"
    xmlns="http://www.loc.gov/MARC21/slim">

  <leader>00881nam a22001937a 4500</leader>
  <controlfield tag="003">BDDh-ASL</controlfield>
  <controlfield tag="005">20231015031351.0</controlfield>
  <controlfield tag="008">201121m20082012b  ||||| |||| 00| 0 b   d</controlfield>
  <datafield tag="040" ind1=" " ind2=" ">
    <subfield code="a">BDDh-ASL</subfield>
    <subfield code="c">BDDh-ASL</subfield>
  </datafield>
  <datafield tag="041" ind1=" " ind2=" ">
    <subfield code="a">bengali </subfield>
  </datafield>
  <datafield tag="082" ind1=" " ind2=" ">
    <subfield code="a">324</subfield>
    <subfield code="b">NOB</subfield>
  </datafield>
  <datafield tag="245" ind1="1" ind2="0">
    <subfield code="a">&#x9A8;&#x9AC;&#x9AE; &#x99C;&#x9BE;&#x9A4;&#x9C0;&#x9AF;&#x9BC; &#x9B8;&#x982;&#x9B8;&#x9A6; &#x9A8;&#x9BF;&#x9B0;&#x9CD;&#x9AC;&#x9BE;&#x99A;&#x9A8;, &#x9E8;&#x9E6;&#x9E6;&#x9EE;:</subfield>
    <subfield code="b">&#x985;&#x982;&#x9B6;&#x997;&#x9CD;&#x9B0;&#x9B9;&#x9A3;&#x995;&#x9BE;&#x9B0;&#x9C0; &#x9AA;&#x9CD;&#x9B0;&#x9BE;&#x9B0;&#x9CD;&#x9A5;&#x9C0;&#x9A6;&#x9C7;&#x9B0; &#x9A4;&#x9A5;&#x9CD;&#x9AF;&#x9BE;&#x9AC;&#x9B2;&#x9C0; /</subfield>
  </datafield>
  <datafield tag="246" ind1=" " ind2=" ">
    <subfield code="a">Nobom Jatio Sangsad Nirbachon 2008.</subfield>
  </datafield>
  <datafield tag="260" ind1=" " ind2=" ">
    <subfield code="a">&#x9A2;&#x9BE;&#x995;&#x9BE; :</subfield>
    <subfield code="b">&#x9AA;&#x9CD;&#x9B0;&#x9A5;&#x9AE;&#x9BE; &#x9AA;&#x9CD;&#x9B0;&#x995;&#x9BE;&#x9B6;&#x9A8;, </subfield>
    <subfield code="c">&#x9E8;&#x9E6;&#x9E6;&#x9EE;&#x964; </subfield>
  </datafield>
  <datafield tag="300" ind1=" " ind2=" ">
    <subfield code="a">&#x9ED;&#x9E6;&#x9E7; &#x9AA;&#x9C3;&#x9B7;&#x9CD;&#x9A0;&#x9BE; :</subfield>
    <subfield code="c">&#x9E8;&#x9EF; &#x9B8;&#x9C7;. &#x9AE;&#x9BF;. </subfield>
    <subfield code="b">&#x99B;&#x9AC;&#x9BF;; </subfield>
  </datafield>
  <datafield tag="650" ind1=" " ind2="0">
    <subfield code="a">(National Assembly Elections) &#x99C;&#x9BE;&#x9A4;&#x9C0;&#x9AF;&#x9BC; &#x9B8;&#x982;&#x9B8;&#x9A6; &#x9A8;&#x9BF;&#x9B0;&#x9CD;&#x9AC;&#x9BE;&#x99A;&#x9A8;</subfield>
    <subfield code="9">6920</subfield>
  </datafield>
  <datafield tag="700" ind1="1" ind2=" ">
    <subfield code="a">&#x9AE;&#x99C;&#x9C1;&#x9AE;&#x9A6;&#x9BE;&#x9B0;, &#x9AC;&#x9A6;&#x9BF;&#x989;&#x9B2; &#x986;&#x9B2;&#x9AE;</subfield>
    <subfield code="c">&#x9A1;. </subfield>
    <subfield code="9">8159</subfield>
  </datafield>
  <datafield tag="942" ind1=" " ind2=" ">
    <subfield code="2">ddc</subfield>
    <subfield code="c">BK</subfield>
  </datafield>
  <datafield tag="952" ind1=" " ind2=" ">
    <subfield code="0">0</subfield>
    <subfield code="1">0</subfield>
    <subfield code="2">ddc</subfield>
    <subfield code="4">0</subfield>
    <subfield code="7">0</subfield>
    <subfield code="8">NFIC</subfield>
    <subfield code="a">ASL</subfield>
    <subfield code="b">ASL</subfield>
    <subfield code="c">GEN</subfield>
    <subfield code="d">2023-05-03</subfield>
    <subfield code="e">Donated by National Atlas of Bangladesh Project</subfield>
    <subfield code="l">0</subfield>
    <subfield code="o">324 NOB</subfield>
    <subfield code="p">121048</subfield>
    <subfield code="r">2023-05-03 00:00:00</subfield>
    <subfield code="t">C-1</subfield>
    <subfield code="w">2023-05-03</subfield>
    <subfield code="y">BK</subfield>
    <subfield code="z">Y-2012</subfield>
  </datafield>
  <datafield tag="999" ind1=" " ind2=" ">
    <subfield code="c">32239</subfield>
    <subfield code="d">32239</subfield>
  </datafield>
</record>
